Music Quiz

Random Music Quiz

Guess the Lyrics Quiz Stats

Quiz not verified by Sporcle

Challenge
Share
Tweet
Embed
Score 0/159 Timer 10:00
0 Plays Today
% Correct
the
97.9%
a
97.9%
and
97.9%
and
97.9%
and
97.9%
and
97.9%
and
97.9%
and
97.9%
and
97.9%
and
97.9%
and
97.9%
and
97.9%
and
97.9%
and
97.9%
a
97.9%
the
97.9%
He
77%
He
77%
He
77%
he
77%
he
77%
he
77%
in
74.1%
in
74.1%
in
74.1%
to
73.2%
to
73.2%
to
73.2%
to
73.2%
To
73.2%
to
73.2%
be
72.4%
be
72.4%
When
64.9%
of
61.9%
not
55.6%
not
55.6%
not
55.6%
was
53.1%
was
53.1%
was
53.1%
his
43.9%
his
43.9%
his
43.9%
his
43.9%
his
43.9%
His
43.9%
his
43.9%
his
43.9%
his
43.9%
his
43.9%
his
43.9%
his--
43.9%
% Correct
his
43.9%
his
43.9%
from
43.5%
Or
43.1%
all
42.7%
all
42.7%
at
41.8%
have
39.3%
have
39.3%
its
39.3%
out,
33.9%
out
33.9%
out.
33.9%
up
31%
heart
23%
oh,
21.8%
Yes,
19.7%
about,
19.2%
eyes
17.2%
away,
15.1%
away.
15.1%
away,
15.1%
away.
15.1%
into
13.4%
head
13%
head,
13%
afraid
10.9%
die,
10.9%
afraid
10.9%
very
10.9%
ways,
10.5%
ran
8.8%
ran
8.8%
bit
8.4%
broken!
5.9%
body
5.9%
brave
5.4%
brave
5.4%
brave
5.4%
brave
5.4%
brave
5.4%
brave
5.4%
Brave
5.4%
brave
5.4%
brave
5.4%
brave,
5.4%
Sir
5%
Sir
5%
Sir
5%
Sir
5%
Sir
5%
Sir
5%
Sir
5%
% Correct
killed
4.6%
least
4.6%
cut
4.6%
feet,
4.6%
Robin
4.2%
Robin!
4.2%
Robin.
4.2%
scared
4.2%
gouged
4.2%
Robin.
4.2%
Robin
4.2%
turned
4.2%
Robin
4.2%
turned
4.2%
Robin.
4.2%
liver
3.8%
beat
3.8%
Bravely
3.3%
Bravely
3.3%
bravely
3.3%
Bravely
3.3%
taking
3.3%
bold
2.9%
Camelot.
2.9%
nasty
2.9%
pulp.
2.9%
tail
2.9%
rode
2.5%
forth
2.5%
mashed
2.5%
elbows
2.5%
removed
2.5%
danger
2.5%
ugly
2.5%
fled.
2.5%
reared
2.1%
split
1.7%
smashed
1.7%
Bravest
1.7%
kneecaps
1.3%
burned
1.3%
limbs
1.3%
bowels
1.3%
nostrils
1.3%
raped
1.3%
bottom
1.3%
burned
1.3%
hacked
0.8%
mangled,
0.8%
chickened
0.8%
retreat.
0.8%
gallantly
0.4%
unplugged
0%

You're not logged in!

Compare scores with friends on all Sporcle quizzes.
Sign Up with Email
OR
Log In

You Might Also Like...

Show Comments

Extras

Top Quizzes Today


Score Distribution

Your Account Isn't Verified!

In order to create a playlist on Sporcle, you need to verify the email address you used during registration. Go to your Sporcle Settings to finish the process.